000 00662nam a2200253Ia 4500
003 OSt
005 20220918191139.0
006 a|||||r|||| 00| 0
007 ta
008 220917b |||||||| |||| 00| 0 eng d
024 _a61,685
037 _cTextual
040 _aARTS
_cARTS
_beng
041 _2eng
_aeng
082 _aQ22.271, M8
100 _aDei Santilata
_975086
245 0 _aVaisnavism in Orissa
260 _aCalcutta
_bPuthi Pustak
_c1988
300 _aXV,233p
_ccm.
500 _aBibliography209-24p. Includes Index
650 _aRELIGION
942 _hQ22.271, M8
_cTEXL
_2CC
999 _c188490
_d188490